000 00397nam a2200169Ia 4500
008 230524s9999 xx 000 0 und d
020 _a9780070681798
082 _bBHA
100 _a"Bhandari, V B "
245 0 _aDesign of Machine Elements
250 _a3
260 _aNew Delhi
_bTMH
_c2013
300 _axx;934 p.
500 _aQuantity Number: 30
650 _aMechanics
942 _cBK
999 _c52940
_d52940